[Event "Pula op 26th"]
[Site "Pula"]
[Date "2012.06.09"]
[Round "1"]
[White "Gsaxner, Daniel"]
[Black "Medak, Bojan"]
[Result "0-1"]
[WhiteElo "1969"]
[BlackElo "2398"]
[PlyCount "110"]
[EventDate "2012.06.09"]
[EventType "swiss"]
[EventRounds "9"]
[EventCountry "CRO"]
[SourceTitle "CBM 148 Extra"]
[Source "ChessBase"]
[SourceDate "2012.06.22"]
[SourceVersion "1"]
[SourceVersionDate "2012.06.22"]
[SourceQuality "1"]

1. e4 d6 2. d4 Nf6 3. Nc3 g6 4. Bc4 Bg7 5. Nf3 0-0 6. Be3 Nc6 7. Qd2 Ng4 8. Bg5 h6 9. h3 hxg5 10. hxg4 e5 11. d5 Nb8 12. Nxg5 Bxg4 13. f3 Bc8 14. g4 Re8 15. 0-0-0 Nd7 16. Rh3 Nf8 17. Rh2 a6 18. Rdh1 b5 19. Bb3 Qf6 20. Ne2 a5 21. c3 a4 22. Bc2 Qe7 23. Bd3 Bd7 24. Nh7 Nxh7 25. Rxh7 f6 26. Ng3 Rf8 27. Qe2 Rab8 28. a3 Kf7 29. Kc2 Rh8 30. Rxh8 Bxh8 31. Rh7+ Bg7 32. Qe3 Kg8 33. Rh1 Qe8 34. g5 fxg5 35. Qxg5 Qf7 36. Qh4 Qf6 37. Qxf6 Bxf6 38. Rb1 Kf7 39. b3 Rh8 40. Nf1 Rh1 41. c4 bxc4 42. bxc4 Rg1 43. Rb7 Rg2+ 44. Kc3 Ra2 45. Rxc7 Rxa3+ 46. Kc2 Ke8 47. Nd2 Ra2+ 48. Kc3 Bd8 49. Ra7 Bb6 50. Ra8+ Ke7 51. Nb1 Bd4+ 52. Kb4 Rb2+ 53. Ka5 a3 54. Nxa3 Rb3 55. Nb5 Bxb5 0-1

[Event "Semriach op 10th"]
[Site "Semriach"]
[Date "2011.04.30"]
[Round "4"]
[White "Gsaxner, Daniel"]
[Black "Monschein, Wolfgang"]
[Result "1-0"]
[WhiteElo "1959"]
[BlackElo "2149"]
[PlyCount "79"]
[EventDate "2011.04.27"]
[EventType "swiss"]
[EventRounds "5"]
[EventCountry "AUT"]
[SourceTitle "CBM 142 Extra"]
[Source "ChessBase"]
[SourceDate "2011.06.27"]
[SourceVersion "1"]
[SourceVersionDate "2011.06.27"]
[SourceQuality "1"]

1. c4 e6 2. d4 Nf6 3. Nc3 b6 4. e4 Bb4 5. Bd3 Bb7 6. f3 c5 7. d5 d6 8. Nge2 Nbd7 9. Bf4 Qe7 10. 0-0 0-0 11. a3 Bxc3 12. Nxc3 Nh5 13. Bd2 e5 14. Ne2 g5 15. Ng3 Ng7 16. Qc2 f6 17. Kf2 Qf7 18. Rh1 Qe7 19. h4 h6 20. hxg5 hxg5 21. Rh6 Kf7 22. Rh7 Rg8 23. Nf5 Qf8 24. Rah1 Ke8 25. Qa4 Kd8 26. Nh6 Kc7 27. Nxg8 Qxg8 28. b4 Nf8 29. Rh8 Qf7 30. bxc5 dxc5 31. g3 Ne8 32. Qb3 Bc8 33. Bc3 Bd7 34. a4 Nd6 35. a5 f5 36. Bxe5 fxe4 37. Bxe4 b5 38. cxb5 Qe7 39. b6+ axb6 40. Qxb6+ 1-0

[Event "Semriach op 10th"]
[Site "Semriach"]
[Date "2011.04.27"]
[Round "1"]
[White "Kropik, Martin"]
[Black "Gsaxner, Daniel"]
[Result "1-0"]
[WhiteElo "2071"]
[BlackElo "1959"]
[PlyCount "61"]
[EventDate "2011.04.27"]
[EventType "swiss"]
[EventRounds "5"]
[EventCountry "AUT"]
[SourceTitle "CBM 142 Extra"]
[Source "ChessBase"]
[SourceDate "2011.06.27"]
[SourceVersion "1"]
[SourceVersionDate "2011.06.27"]
[SourceQuality "1"]

1. d4 Nf6 2. c4 e6 3. Bg5 d5 4. Nc3 Be7 5. cxd5 exd5 6. Qc2 Be6 7. e3 Nbd7 8. Bd3 c6 9. Nge2 h6 10. Bh4 Nh5 11. Bxe7 Qxe7 12. 0-0 0-0 13. a3 Nb6 14. b4 Qg5 15. a4 Bh3 16. Ng3 Nxg3 17. hxg3 Bd7 18. Rfc1 h5 19. a5 Nc8 20. e4 h4 21. gxh4 Qxh4 22. exd5 Qxd4 23. dxc6 Bxc6 24. b5 Be8 25. Ra4 Qd8 26. Rd1 Qg5 27. Bh7+ Kh8 28. Rd5 Qe7 29. Rh5 f6 30. Bg6+ Kg8 31. Rah4 1-0

[Event "Graz op-B"]
[Site "Graz"]
[Date "2006.09.20"]
[Round "5.3"]
[White "Bornet, Rene"]
[Black "Gsaxner, Daniel"]
[Result "1/2-1/2"]
[WhiteElo "1906"]
[BlackElo "1816"]
[PlyCount "70"]
[EventDate "2006.09.16"]
[EventType "swiss"]
[EventRounds "9"]
[EventCountry "AUT"]
[SourceTitle "EXT 2022"]
[Source "ChessBase"]
[SourceDate "2021.10.06"]
[SourceVersion "1"]
[SourceVersionDate "2021.10.06"]
[SourceQuality "1"]

1. d4 f5 2. Nf3 d6 3. Bf4 Nf6 4. h3 g6 5. e3 Bg7 6. Bc4 e6 7. Nbd2 Nc6 8. c3 Qe7 9. 0-0 h6 10. Re1 Ne4 11. d5 exd5 12. Bxd5 g5 13. Bh2 Nxd2 14. Qxd2 Bd7 15. Nd4 0-0-0 16. b4 g4 17. hxg4 fxg4 18. Nxc6 Bxc6 19. Bxc6 bxc6 20. Rab1 Be5 21. Bxe5 Qxe5 22. Qd4 Qe6 23. Qxa7 Kd7 24. b5 cxb5 25. Rxb5 Ra8 26. Qd4 Rhf8 27. a4 g3 28. Qg7+ Rf7 29. Qxg3 Rxa4 30. Qh3 Qxh3 31. gxh3 Ra2 32. Rf1 Rc2 33. Rb3 Rf3 34. h4 c5 35. Ra3 Ke6 1/2-1/2

[Event "Graz op-B"]
[Site "Graz"]
[Date "2006.09.18"]
[Round "3.5"]
[White "Lang, Wolfgang"]
[Black "Gsaxner, Daniel"]
[Result "1/2-1/2"]
[WhiteElo "2076"]
[BlackElo "1816"]
[PlyCount "36"]
[EventDate "2006.09.16"]
[EventType "swiss"]
[EventRounds "9"]
[EventCountry "AUT"]
[SourceTitle "EXT 2022"]
[Source "ChessBase"]
[SourceDate "2021.10.06"]
[SourceVersion "1"]
[SourceVersionDate "2021.10.06"]
[SourceQuality "1"]

1. e4 e5 2. Nf3 Nc6 3. Bb5 d6 4. d4 exd4 5. Nxd4 Nge7 6. 0-0 Bd7 7. Be3 Nxd4 8. Bxd7+ Qxd7 9. Bxd4 Nc6 10. c4 h5 11. Nc3 Be7 12. Nd5 Nxd4 13. Qxd4 0-0 14. Rad1 b6 15. Rfe1 Rfe8 16. e5 Bf8 17. Qh4 c6 18. Nf4 Qf5 1/2-1/2